Qillah Kahani / (Record no. 186821)

000 -LEADER
fixed length control field 00422 a2200169 4500
003 - CONTROL NUMBER IDENTIFIER
control field Nust
005 - DATE AND TIME OF LATEST TRANSACTION
control field 20230328124009.0
040 ## - CATALOGING SOURCE
Transcribing agency Nust
082 ## - DEWEY DECIMAL CLASSIFICATION NUMBER
Classification number 891.439,AHM
100 ## - MAIN ENTRY--PERSONAL NAME
Personal name Ahmad,Ashfaq
9 (RLIN) 677
245 ## - TITLE STATEMENT
Title Qillah Kahani /
Statement of responsibility, etc. Ashfaq Ahmed
260 ## - PUBLICATION, DISTRIBUTION, ETC.
Place of publication, distribution, etc. Lahore,
Name of publisher, distributor, etc. Mavra Pub,
Date of publication, distribution, etc. 1990
300 ## - PHYSICAL DESCRIPTION
Extent 176:p
538 ## - SYSTEM DETAILS NOTE
System details note Almirah No.67, Shelf No.2
650 ## - SUBJECT ADDED ENTRY--TOPICAL TERM
Topical term or geographic name entry element Urdu Literature-Novel
9 (RLIN) 1164
942 ## - ADDED ENTRY ELEMENTS (KOHA)
Source of classification or shelving scheme
Koha item type Book
Call number prefix 891.439,AHM
Holdings
Withdrawn status Lost status Source of classification or shelving scheme Damaged status Not for loan Permanent Location Current Location Shelving location Date acquired Full call number Barcode Date last seen Price effective from Koha item type Public note
          Military College of Signals (MCS) Military College of Signals (MCS) General Stacks 12/12/2016 891.439,ASH MCS33968 12/08/2016 12/12/2016 Book Almirha No 65, Shelf No 3
© 2023 Central Library, National University of Sciences and Technology. All Rights Reserved.